000 00600nam a2200205Ia 4500
005 20250923145519.0
008 008 250917s9999 xx 000 0 eng d
037 _aTextual
040 _aDSWL
_beng
_cDSWL
041 _aeng
_2eng
084 _aX:9.2, N79
_qDSWL
100 _aKudchedkar, L.S.
_9836108
245 0 _aAspects of personnel manager and industrial Relations
_c by L.S.Kudchedkar
260 _aNew Delhi
_bdelhi Tata McGraw Hill
_c1979
300 _axi,154 p.
365 _aINR
_b51.3
925 _g51.3
942 _cTEXL
_hX:9.2, N79
999 _c1452291
_d1452291